| 000 | 00671nam a2200217 i 4500 | ||
|---|---|---|---|
| 001 | 141667 | ||
| 003 | ES-MaACL | ||
| 005 | 20250323192213.0 | ||
| 007 | t| | ||
| 008 | 070926s1970 sp ||||1| spa d | ||
| 100 | 1 |
_aVinca Masini, Lara. _9115301 |
|
| 245 | 1 | 0 |
_aAntoni Gaudí / _cLara Vinca Masini ; [traducción Jaume Barnat]. |
| 260 |
_a[Barcelona : _bNauta, _c1970] |
||
| 300 |
_a96 p. : _bil. ; _c32 cm. |
||
| 490 | 1 | _aGrandes maestros del siglo XX | |
| 600 | 1 | 4 |
_aGaudí, Antoni, _d1852-1926 _955994 |
| 700 | 1 |
_aBarnat, Jaume. _925707 |
|
| 830 | 0 |
_aGrandes maestros del siglo XX _9181649 |
|
| 852 |
_aES-MaACL _jC-41248 _bR.75246 |
||
| 999 |
_c141667 _d141667 |
||